书目信息 |
| 题名: |
大学英语六级题源押题试卷
|
|
| 作者: | 赵建昆 主编 | |
| 分册: | ||
| 出版信息: | 北京 中国石化出版社 2014 |
|
| 页数: | 202页 | |
| 开本: | 26cm | |
| 丛书名: | ||
| 单 册: | ||
| 中图分类: | H310.421-44 | |
| 科图分类: | ||
| 主题词: | 英语--Ying Yu--高等学校--试题 | |
| 电子资源: | ||
| ISBN: | 978-7-5114-2937-7 | |
| 000 | 00855nam0 22002531 450 | |
| 001 | 0121113036 | |
| 005 | 20161122102222.12 | |
| 010 | @a978-7-5114-2937-7@dCNY29.80 | |
| 100 | @a20141014d2014 em y0chiy50 ea | |
| 101 | 0 | @achi@aeng |
| 102 | @aCN@b110000 | |
| 105 | @aa zq 000yy | |
| 106 | @ar | |
| 200 | 1 | @a大学英语六级题源押题试卷@ADa Xue Ying Yu Liu Ji Ti Yuan Ya Ti Shi Juan@f赵建昆主编 |
| 205 | @a2版 | |
| 210 | @a北京@c中国石化出版社@d2014 | |
| 215 | @a202页@c图@d26cm | |
| 300 | @a赵建昆大学英语六级辅导用书 | |
| 330 | @a本书编写了8套英语六级模拟试题,内含建昆老师独家押题秘籍。书中的试题是在分析、总结历年真题命题规律的基础上进行编写。 | |
| 606 | 0 | @a英语@AYing Yu@x高等学校@j试题 |
| 690 | @aH310.421-44@v5 | |
| 701 | 0 | @a赵建昆@AZhao Jian Kun@4主编 |
| 801 | 0 | @aCN@bTANGWEI@c20161117 |
| 905 | @b0898006-10@dH310.421-44@e1614=2@f5 | |
| 大学英语六级题源押题试卷/赵建昆主编.-2版.-北京:中国石化出版社,2014 |
| 202页:图;26cm |
| 赵建昆大学英语六级辅导用书 |
| ISBN 978-7-5114-2937-7:CNY29.80 |
| 本书编写了8套英语六级模拟试题,内含建昆老师独家押题秘籍。书中的试题是在分析、总结历年真题命题规律的基础上进行编写。 |
| ● |
| 相关链接 |
|
|
|
|
正题名:大学英语六级题源押题试卷
索取号:H310.421-44/1614=2
 
预约/预借
| 序号 | 登录号 | 条形码 | 馆藏地/架位号 | 状态 | 备注 |
| 1 | 0898006 | 208980067 | 第二样本阅览室/ [索取号:H310.421-44/1614=2] | 在馆 | |
| 2 | 0898007 | 208980076 | 第四借阅区/ [索取号:H310.421-44/1614=2] | 在馆 | |
| 3 | 0898008 | 208980085 | 第四借阅区/ [索取号:H310.421-44/1614=2] | 在馆 | |
| 4 | 0898009 | 208980094 | 第四借阅区/ [索取号:H310.421-44/1614=2] | 在馆 | |
| 5 | 0898010 | 208980101 | 第四借阅区/ [索取号:H310.421-44/1614=2] | 在馆 |